[Event "SG Ennepe-Ruhr-Süd 1 - SV Erkenschwick "]
[Site "NRW-Klasse, Gruppe 1 2014/201"]
[Date "2014.12.14"]
[Round "4.2"]
[White "Lupor, André"]
[Black "Erwich, Marc"]
[Result "1-0"]
[WhiteElo "2182"]
[BlackElo "2323"]
[PlyCount "105"]
[EventDate "2014.??.??"]
[WhiteTeam "SG Ennepe-Ruhr-Süd 1"]
[BlackTeam "SV Erkenschwick 1"]

1. d4 Nf6 2. c4 e6 3. Nc3 d5 4. cxd5 exd5 5. Bg5 c6 6. Qc2 Be7 7. e3 Bg4 8.
Nge2 Nbd7 9. h3 Bh5 10. Nf4 Bg6 11. Nxg6 hxg6 12. Bf4 Nf8 13. Be2 Ne6 14. Bh2
g5 15. O-O-O Qa5 16. Kb1 Bb4 17. Bf3 Bxc3 18. bxc3 Rd8 19. Be5 Nd7 20. Bd6 Nb6
21. Bb4 Qb5 22. Ka1 Nc4 23. Be2 b6 24. Bxc4 Qxc4 25. Ba3 g6 26. Rhe1 c5 27. Qb3
Qxb3 28. axb3 f5 29. dxc5 bxc5 30. Rd2 Rh7 31. Red1 Rhd7 32. c4 d4 33. exd4
Rxd4 34. Rxd4 cxd4 35. Bc1 Kf7 36. Ka2 Kf6 37. b4 d3 38. Be3 f4 39. Bd2 Kf5 40.
Kb2 Nd4 41. Ra1 Rc8 42. Ra5+ Ke4 43. f3+ Nxf3 44. gxf3+ Kxf3 45. Kc3 Ke2 46.
Re5+ Kf1 47. Kxd3 f3 48. Rxg5 f2 49. Be3 Rb8 50. Rxg6 Rd8+ 51. Bd4 Ke1 52. Re6+
Kd1 53. Rf6 1-0

[Event "SG Ennepe-Ruhr-Süd 1 - SV Erkenschwick "]
[Site "NRW-Klasse, Gruppe 1 2014/201"]
[Date "2014.12.14"]
[Round "4.3"]
[White "Van Beek, Alexander"]
[Black "Tripolsky, Eugen"]
[Result "1-0"]
[WhiteElo "2336"]
[BlackElo "2203"]
[PlyCount "73"]
[EventDate "2014.??.??"]
[WhiteTeam "SV Erkenschwick 1"]
[BlackTeam "SG Ennepe-Ruhr-Süd 1"]

1. e4 d6 2. d4 Nf6 3. Nc3 g6 4. f4 Bg7 5. Nf3 O-O 6. Bd3 Nh5 7. Be3 Nc6 8. e5
Nb4 9. Bc4 d5 10. Be2 f6 11. a3 Nc6 12. Qd2 Bh6 13. g3 Ng7 14. Nh4 fxe5 15.
fxe5 Bxe3 16. Qxe3 e6 17. O-O-O g5 18. Ng2 Nf5 19. Qg1 Bd7 20. g4 Nfe7 21. h4
Ng6 22. hxg5 Qxg5+ 23. Kb1 Rf7 24. Rh5 Qe7 25. Bd3 Rg7 26. Ne2 Rf8 27. Qe3 Be8
28. Ng3 Nh8 29. Rh6 Bg6 30. Nh5 Bxh5 31. Rxh5 Nf7 32. Nh4 Ng5 33. Nf5 exf5 34.
gxf5 h6 35. Rxh6 Ne4 36. Bxe4 dxe4 37. f6 1-0

[Event "SG Ennepe-Ruhr-Süd 1 - SV Erkenschwick "]
[Site "NRW-Klasse, Gruppe 1 2014/201"]
[Date "2014.12.14"]
[Round "4.4"]
[White "Arndt, Stefan"]
[Black "Erwich, Frank"]
[Result "0-1"]
[WhiteElo "2131"]
[BlackElo "2290"]
[PlyCount "80"]
[EventDate "2014.??.??"]
[WhiteTeam "SG Ennepe-Ruhr-Süd 1"]
[BlackTeam "SV Erkenschwick 1"]

1. e4 e5 2. Bc4 Nf6 3. d3 Nc6 4. Nf3 Bc5 5. c3 a6 6. Bb3 Ba7 7. h3 d6 8. Nbd2
Be6 9. Bc2 h6 10. Nf1 d5 11. Qe2 Qe7 12. Ng3 O-O-O 13. Ba4 dxe4 14. dxe4 Na5
15. Nd2 Nd7 16. b4 Nb6 17. Bb3 Nxb3 18. axb3 Qd6 19. b5 Qd3 20. bxa6 bxa6 21.
Rxa6 Qxc3 22. O-O Kb8 23. Nf3 Bxb3 24. Bb2 Qc4 25. Rfa1 Qxe2 26. Nxe2 Rd1+ 27.
Kh2 Rxa1 28. Rxa1 f6 29. Nd2 Be6 30. f4 Rd8 31. Nf3 Bc4 32. Ng3 exf4 33. Nh5
Be2 34. Bc1 Rd1 35. Nxf4 Bxf3 36. gxf3 Nc4 37. Nd5 Bd4 38. Rb1+ Kc8 39. Kg3 Nd2
40. Rb4 Rg1+ 0-1

[Event "SG Ennepe-Ruhr-Süd 1 - SV Erkenschwick "]
[Site "NRW-Klasse, Gruppe 1 2014/201"]
[Date "2014.12.14"]
[Round "4.5"]
[White "Homs, Guust"]
[Black "Moors, Hans"]
[Result "1/2-1/2"]
[WhiteElo "2162"]
[BlackElo "2083"]
[PlyCount "47"]
[EventDate "2014.??.??"]
[WhiteTeam "SV Erkenschwick 1"]
[BlackTeam "SG Ennepe-Ruhr-Süd 1"]

1. e4 e6 2. d4 d5 3. Nc3 Nf6 4. Bg5 dxe4 5. Nxe4 Nbd7 6. Nf3 Be7 7. Nxf6+ Nxf6
8. Bd3 c5 9. dxc5 Qa5+ 10. c3 Qxc5 11. O-O O-O 12. Qe2 h6 13. Bh4 Bd7 14. Ne5
Bc6 15. Rac1 a5 16. Rfe1 Qd5 17. Nxc6 Qxc6 18. Rcd1 Rad8 19. Rd2 Rd7 20. Red1
Rfd8 21. Bc2 Rxd2 22. Rxd2 Rxd2 23. Qxd2 Qc4 24. Bxf6 1/2-1/2

[Event "SG Ennepe-Ruhr-Süd 1 - SV Erkenschwick "]
[Site "NRW-Klasse, Gruppe 1 2014/201"]
[Date "2014.12.14"]
[Round "4.6"]
[White "Bruchmann, Norbert"]
[Black "Eggenstein, Frank"]
[Result "0-1"]
[WhiteElo "2078"]
[BlackElo "1925"]
[Annotator "Hausrath,Daniel"]
[PlyCount "78"]
[EventDate "2014.??.??"]
[WhiteTeam "SG Ennepe-Ruhr-Süd 1"]
[BlackTeam "SV Erkenschwick 1"]

1. e4 e6 2. d4 d5 3. Nc3 Bb4 4. exd5 exd5 5. Bd3 Nc6 6. a3 Bxc3+ 7. bxc3 Nge7
8. Qh5 Be6 9. Ne2 Qd7 10. h3 Bf5 11. O-O Bxd3 12. cxd3 g6 13. Qf3 O-O-O 14. a4
h6 15. Re1 Nf5 16. g4 Ng7 17. Qg3 Kb8 18. Kg2 g5 $11 19. f3 Rde8 20. Bd2 f6 21.
Nc1 Rxe1 22. Bxe1 f5 23. a5 f4 24. Qf2 h5 25. Nb3 Ne6 26. a6 b6 27. c4 hxg4 28.
hxg4 Qh7 29. Kf1 Qxd3+ 30. Kg1 Qxb3 31. cxd5 Qxd5 32. Rd1 Ncxd4 33. Kg2 c5 34.
Bc3 Qc6 35. Rd3 Qc7 36. Qe1 Qh7 37. Qe5+ Kc8 38. Kf2 Qh4+ 39. Kf1 Qh1+ 0-1

[Event "SG Ennepe-Ruhr-Süd 1 - SV Erkenschwick "]
[Site "NRW-Klasse, Gruppe 1 2014/201"]
[Date "2014.12.14"]
[Round "4.7"]
[White "Strozewski, Frank"]
[Black "Heller, Achim"]
[Result "1/2-1/2"]
[WhiteElo "1941"]
[BlackElo "1940"]
[PlyCount "129"]
[EventDate "2014.??.??"]
[WhiteTeam "SV Erkenschwick 1"]
[BlackTeam "SG Ennepe-Ruhr-Süd 1"]

1. c4 c6 2. Nc3 d5 3. d4 Nf6 4. Bf4 dxc4 5. e3 Nd5 6. Bg3 Qa5 7. Qd2 b5 8. Be2
e6 9. Nf3 Nd7 10. O-O Nxc3 11. bxc3 Bb7 12. Rfb1 Qa4 13. Ng5 Nf6 14. f3 Ba3 15.
e4 h6 16. Nh3 Rd8 17. Be5 Be7 18. Qe3 Ba8 19. g4 Qa3 20. Kh1 a6 21. Nf2 Kf8 22.
Rg1 Nd7 23. Bc7 Rc8 24. Bg3 e5 25. dxe5 Nc5 26. Rgd1 Ne6 27. f4 h5 28. gxh5 b4
29. Qc1 bxc3 30. Bxc4 Rxh5 31. Rd3 Qxc1+ 32. Rxc1 Bb4 33. Rd7 c5 34. Bxa6 Rb8
35. Be2 Rh6 36. Bc4 Bc6 37. Ra7 Rd8 38. a3 Rd2 39. axb4 cxb4 40. Ra2 Nc5 41.
Rxd2 cxd2 42. Rd1 Bxe4+ 43. Kg1 Bc2 44. Rxd2 b3 45. Bd3 Nxd3 46. Nxd3 Ra6 47.
Nb2 Ra2 48. Nc4 b2 49. Nxb2 Rxb2 50. Rd8+ Ke7 51. Bh4+ Ke6 52. Rd6+ Kf5 53. Bg3
Ke4 54. Rc6 Bd3 55. Rc1 Kf3 56. Re1 Bc4 57. Rc1 Rg2+ 58. Kh1 Bd5 59. Rd1 Be4
60. Re1 Bc6 61. Rc1 Be4 62. Re1 Rc2 63. Ra1 Kg4+ 64. Kg1 Kh3 65. Kf1 1/2-1/2

[Event "SG Ennepe-Ruhr-Süd 1 - SV Erkenschwick "]
[Site "NRW-Klasse, Gruppe 1 2014/201"]
[Date "2014.12.14"]
[Round "4.8"]
[White "Schaefer, Martin"]
[Black "Mathea, Marc"]
[Result "1/2-1/2"]
[WhiteElo "1866"]
[BlackElo "1854"]
[Annotator "Hausrath,Daniel"]
[PlyCount "86"]
[EventDate "2014.??.??"]
[WhiteTeam "SG Ennepe-Ruhr-Süd 1"]
[BlackTeam "SV Erkenschwick 1"]

1. d4 Nf6 2. c4 g6 3. f3 Bg7 4. e4 d6 5. Be3 O-O 6. Nc3 Nc6 7. Nge2 e5 8. d5
Ne7 9. Qd2 Nd7 10. g4 f5 11. gxf5 gxf5 12. Bh6 f4 13. Bxg7 Kxg7 14. h4 Nf6 15.
h5 Kh8 16. O-O-O Rg8 17. Qe1 a6 18. Kb1 b6 19. Qh4 Qf8 20. Bh3 Qf7 21. Ng1 Bd7
22. Bxd7 Nxd7 23. Nh3 Qf6 24. Qf2 Rg7 25. Rdg1 Rag8 26. Ne2 Nc5 27. Kc2 a5 28.
Rxg7 Rxg7 29. Rg1 Rxg1 30. Nhxg1 Qg5 31. Qh2 Ng8 32. Qh3 Qg7 33. b3 Qd7 34. Qh4
Qe7 35. Qg4 Qd7 36. Qg5 Qe7 37. Qf5 Qd7 38. Qf8 Qe7 39. Qf5 Qd7 $11 40. Qg5 h6
41. Qg6 Qg7 42. Qf5 Qd7 43. Qf8 Qg7 1/2-1/2

[Event "SC Hansa Dortmund 2 - Oberhausener SV 1"]
[Site "NRW-Klasse, Gruppe 1 2014/201"]
[Date "2014.12.14"]
[Round "4.1"]
[White "Hort, Vlastimil"]
[Black "Schmittdiel, Eckhard"]
[Result "1-0"]
[WhiteElo "2386"]
[BlackElo "2453"]
[PlyCount "89"]
[EventDate "2014.??.??"]
[WhiteTeam "Oberhausener SV 1"]
[BlackTeam "SC Hansa Dortmund 2"]

1. Nf3 c5 2. b3 d6 3. e4 e5 4. Nc3 Nf6 5. g3 Nc6 6. Bg2 g6 7. O-O Bg7 8. d3 O-O
9. Bd2 h6 10. h3 Be6 11. Kh2 d5 12. exd5 Nxd5 13. Nxd5 Bxd5 14. Be3 Nd4 15. c4
Bc6 16. Bxd4 cxd4 17. Re1 Qc7 18. b4 b6 19. Rc1 Rae8 20. b5 Ba8 21. Nd2 Bxg2
22. Kxg2 f5 23. a4 Qb7+ 24. f3 Rc8 25. Re2 h5 26. c5 bxc5 27. Qb3+ Kh7 28. Nc4
Qc7 29. Rce1 Rce8 30. a5 h4 31. b6 axb6 32. Qxb6 Qxb6 33. axb6 hxg3 34. Kxg3
Re6 35. Rb1 Rb8 36. Rb5 Bf8 37. Kf2 Bd6 38. Ra2 e4 39. Ke2 exf3+ 40. Kxf3 Kg7
41. Ra7+ Kf6 42. Rd7 Be7 43. h4 Rc6 44. Rc7 Re6 45. b7 1-0

[Event "SC Hansa Dortmund 2 - Oberhausener SV 1"]
[Site "NRW-Klasse, Gruppe 1 2014/201"]
[Date "2014.12.14"]
[Round "4.2"]
[White "Mainka, Romuald"]
[Black "Becker, Marcel"]
[Result "1/2-1/2"]
[WhiteElo "2346"]
[BlackElo "2304"]
[PlyCount "85"]
[EventDate "2014.??.??"]
[WhiteTeam "SC Hansa Dortmund 2"]
[BlackTeam "Oberhausener SV 1"]

1. e4 c6 2. d4 d5 3. e5 Bf5 4. Nd2 e6 5. Nb3 Nd7 6. Nf3 Ne7 7. Be2 Nc8 8. O-O
Be7 9. a4 O-O 10. a5 a6 11. Be3 Na7 12. Qd2 Bg6 13. Rfc1 Rc8 14. Ne1 c5 15.
Nxc5 Nxc5 16. dxc5 Nc6 17. Nf3 Bh5 18. b4 Bxf3 19. Bxf3 Nxe5 20. Be2 Nc6 21. c3
Qc7 22. Bf4 e5 23. Bg3 Rcd8 24. Bf3 Qd7 25. Rd1 f5 26. Bxd5+ Qxd5 27. Qxd5+
Rxd5 28. Rxd5 f4 29. Rd7 fxg3 30. Rxb7 gxf2+ 31. Kf1 Bf6 32. Kxf2 e4 33. Ke3
Bxc3 34. Rb1 Rc8 35. Kxe4 Bxb4 36. Rb6 Bxa5 37. Rxa6 Re8+ 38. Kf3 Ne5+ 39. Kg3
Bd2 40. c6 Rc8 41. Rd1 Bb4 42. Rc1 Rc7 43. Kh3 1/2-1/2

[Event "SC Hansa Dortmund 2 - Oberhausener SV 1"]
[Site "NRW-Klasse, Gruppe 1 2014/201"]
[Date "2014.12.14"]
[Round "4.3"]
[White "Kaufeld, Juergen"]
[Black "Tuncer, Ufuk"]
[Result "1-0"]
[WhiteElo "2201"]
[BlackElo "2333"]
[PlyCount "59"]
[EventDate "2014.??.??"]
[WhiteTeam "Oberhausener SV 1"]
[BlackTeam "SC Hansa Dortmund 2"]

1. d4 Nf6 2. c4 g6 3. g3 Bg7 4. Bg2 d5 5. cxd5 Nxd5 6. Nf3 Nb6 7. O-O Nc6 8. e3
O-O 9. Nc3 Re8 10. Nh4 e5 11. d5 Nb4 12. a3 Na6 13. e4 Bd7 14. b4 c6 15. dxc6
bxc6 16. Nf3 Nc7 17. Bg5 Qc8 18. Qc1 Ne6 19. Bh6 Bh8 20. Rd1 c5 21. bxc5 Nxc5
22. Rb1 Be6 23. Nb5 Nc4 24. Ng5 a6 25. Nc3 Bg4 26. Nd5 Nd7 27. Rd3 Nd6 28. Qxc8
Raxc8 29. Ne3 Nb5 30. Nxg4 1-0

[Event "SC Hansa Dortmund 2 - Oberhausener SV 1"]
[Site "NRW-Klasse, Gruppe 1 2014/201"]
[Date "2014.12.14"]
[Round "4.4"]
[White "Kotter, Ralf"]
[Black "Litwak, Aleksej"]
[Result "1/2-1/2"]
[WhiteElo "2273"]
[BlackElo "2243"]
[PlyCount "127"]
[EventDate "2014.??.??"]
[WhiteTeam "SC Hansa Dortmund 2"]
[BlackTeam "Oberhausener SV 1"]

1. e4 c5 2. Nf3 e6 3. d4 cxd4 4. Nxd4 Nf6 5. Nc3 Nc6 6. Ndb5 Bb4 7. a3 Bxc3+ 8.
Nxc3 d5 9. exd5 exd5 10. Bd3 O-O 11. O-O d4 12. Ne2 Bg4 13. f3 Bh5 14. Nf4 Bg6
15. Nxg6 hxg6 16. f4 Ne7 17. Bd2 Nf5 18. Qf3 Qd5 19. Rae1 Rfe8 20. Qxd5 Nxd5
21. g3 Nfe3 22. Rf2 Rac8 23. Rfe2 Red8 24. Bc1 a6 25. Kf2 b5 26. Kf3 Rd6 27.
Bxe3 Nxe3 28. c3 Nc4 29. Re8+ Rxe8 30. Rxe8+ Kh7 31. Bxc4 bxc4 32. cxd4 Rxd4
33. Ke2 Rd5 34. Rb8 g5 35. fxg5 Rxg5 36. Rb4 Rh5 37. h4 Rc5 38. Kd2 Rd5+ 39.
Kc3 Rd3+ 40. Kxc4 Rxg3 41. Kd5 g5 42. Ke5 gxh4 43. Rxh4+ Kg6 44. Rb4 f6+ 45.
Kf4 Rh3 46. Kg4 Rd3 47. Rb6 a5 48. Rb5 Rd4+ 49. Kf3 a4 50. Ke3 Rh4 51. Kf3 f5
52. Rb8 Kf6 53. Rf8+ Ke5 54. Rb8 Rh3+ 55. Kg2 Rd3 56. Kf2 Rd4 57. Kf3 Rf4+ 58.
Ke3 Re4+ 59. Kf2 Rc4 60. Ke3 Rh4 61. Rb5+ Kf6 62. Rb8 Re4+ 63. Kf3 Ke5 64. b3
1/2-1/2

[Event "SC Hansa Dortmund 2 - Oberhausener SV 1"]
[Site "NRW-Klasse, Gruppe 1 2014/201"]
[Date "2014.12.14"]
[Round "4.5"]
[White "Soehnchen, Andreas"]
[Black "Karger, Frank"]
[Result "1-0"]
[WhiteElo "2108"]
[BlackElo "2271"]
[PlyCount "75"]
[EventDate "2014.??.??"]
[WhiteTeam "Oberhausener SV 1"]
[BlackTeam "SC Hansa Dortmund 2"]

1. d4 Nf6 2. c4 g6 3. Nc3 Bg7 4. e4 d6 5. Be2 O-O 6. Nf3 Na6 7. O-O e5 8. Be3
Ng4 9. Bg5 Qe8 10. dxe5 dxe5 11. h3 f6 12. Bd2 Nh6 13. c5 Nxc5 14. Qc1 Nf7 15.
Nd5 Ne6 16. Bb4 c6 17. Bxf8 Qxf8 18. Ne3 Nd6 19. Qc2 f5 20. exf5 gxf5 21. Bc4
Nxc4 22. Qxc4 Kh8 23. Nc2 Nf4 24. Rfd1 Be6 25. Qf1 Bd5 26. Nfe1 Qg8 27. Ne3 Be6
28. g3 Bf6 29. Kh2 Nh5 30. Qe2 Qf7 31. Rd6 Ng7 32. Rad1 Re8 33. b3 h5 34. N1g2
f4 35. Nc4 Bd5 36. R6xd5 cxd5 37. Nd6 fxg3+ 38. fxg3 1-0

[Event "SC Hansa Dortmund 2 - Oberhausener SV 1"]
[Site "NRW-Klasse, Gruppe 1 2014/201"]
[Date "2014.12.14"]
[Round "4.6"]
[White "Sundorf, Jannik"]
[Black "Nissen, Claus"]
[Result "1-0"]
[WhiteElo "2102"]
[BlackElo "2119"]
[PlyCount "89"]
[EventDate "2014.??.??"]
[WhiteTeam "SC Hansa Dortmund 2"]
[BlackTeam "Oberhausener SV 1"]

1. d4 e6 2. c4 c5 3. d5 exd5 4. cxd5 d6 5. Nc3 Nf6 6. Nf3 g6 7. g3 Bg7 8. Bg2
O-O 9. O-O a6 10. a4 Nbd7 11. Nd2 Rb8 12. Nc4 Qc7 13. Bf4 Ne8 14. Ne4 Ne5 15.
Nexd6 Nxd6 16. Bxe5 Bxe5 17. Nxe5 Re8 18. Nd3 c4 19. Nf4 b5 20. axb5 Rxb5 21.
Qd2 Qb6 22. Ra2 Ne4 23. Bxe4 Rxe4 24. Rd1 Bb7 25. d6 Re8 26. Qd4 Qxd4 27. Rxd4
c3 28. b4 a5 29. Rxa5 c2 30. Ra1 Re4 31. Rxe4 Bxe4 32. d7 Rb8 33. Rc1 Bf5 34.
Nd3 Bxd7 35. Rxc2 Bb5 36. Rb2 g5 37. f3 Kg7 38. Kf2 Re8 39. Nc5 f5 40. Nb3 Rd8
41. e3 Rd1 42. Nd4 Bd3 43. b5 f4 44. gxf4 gxf4 45. Ne6+ 1-0

[Event "SC Hansa Dortmund 2 - Oberhausener SV 1"]
[Site "NRW-Klasse, Gruppe 1 2014/201"]
[Date "2014.12.14"]
[Round "4.7"]
[White "Ciornei, Dragos"]
[Black "Berndt, Joachim"]
[Result "0-1"]
[WhiteElo "2063"]
[BlackElo "2068"]
[PlyCount "84"]
[EventDate "2014.??.??"]
[WhiteTeam "Oberhausener SV 1"]
[BlackTeam "SC Hansa Dortmund 2"]

1. e4 g6 2. d4 Bg7 3. Nc3 d6 4. f4 a6 5. Be3 b5 6. a3 Nd7 7. Nf3 Bb7 8. d5 c5
9. dxc6 Bxc6 10. Bd4 e5 11. fxe5 dxe5 12. Be3 Qe7 13. Nd5 Bxd5 14. Qxd5 Rd8 15.
O-O-O Ngf6 16. Qc6 O-O 17. Qxa6 b4 18. Qd6 Qxd6 19. Rxd6 bxa3 20. bxa3 Nxe4 21.
Ra6 Ndc5 22. Rc6 Rc8 23. Bb5 Rxc6 24. Bxc6 Rc8 25. Bxe4 Nxe4 26. Rd1 Bf8 27.
Rd3 f6 28. Kb2 Nd6 29. Nd2 f5 30. Bh6 e4 31. Rd5 Rb8+ 32. Ka2 Nb5 33. Rxb5 Rxb5
34. Bxf8 Kxf8 35. a4 Rb8 36. Ka3 e3 37. Nf3 e2 38. Ka2 Ke7 39. a5 Kd6 40. a6
Kd5 41. a7 Ra8 42. Kb3 Ke4 0-1

[Event "SC Hansa Dortmund 2 - Oberhausener SV 1"]
[Site "NRW-Klasse, Gruppe 1 2014/201"]
[Date "2014.12.14"]
[Round "4.8"]
[White "Linker, Walter"]
[Black "Voge, Andreas"]
[Result "1-0"]
[WhiteElo "2050"]
[BlackElo "2076"]
[PlyCount "91"]
[EventDate "2014.??.??"]
[WhiteTeam "SC Hansa Dortmund 2"]
[BlackTeam "Oberhausener SV 1"]

1. f4 g6 2. Nf3 Bg7 3. e4 d5 4. e5 Bg4 5. d4 e6 6. c3 Ne7 7. Bd3 Nf5 8. O-O Nd7
9. Na3 a6 10. b4 b5 11. Nc2 Nb6 12. Ne3 h5 13. Qe1 Bxf3 14. Rxf3 Nh6 15. Qf1
Nc4 16. a4 c6 17. Rf2 Nb6 18. Bc2 Nf5 19. Bd1 O-O 20. Qd3 Nxe3 21. Bxe3 Qc7 22.
Rfa2 bxa4 23. Bxa4 a5 24. bxa5 Rxa5 25. Bb3 Rxa2 26. Rxa2 Rb8 27. h3 Bf8 28. g4
hxg4 29. hxg4 c5 30. Bc2 cxd4 31. cxd4 Qc4 32. Rb2 Rc8 33. f5 Qxd3 34. Bxd3 Rc3
35. Rxb6 Rxd3 36. Kf2 gxf5 37. gxf5 exf5 38. Rf6 Be7 39. Rxf5 Kg7 40. Rf3 Ra3
41. Rg3+ Kf8 42. Kf3 Ra1 43. Rg2 Rf1+ 44. Kg4 Bb4 45. Rb2 Re1 46. Bh6+ 1-0

[Event "Oberhausener SV 1 - SG Ennepe-Ruhr-Süd "]
[Site "NRW-Klasse, Gruppe 1 2014/201"]
[Date "2015.01.11"]
[Round "5.1"]
[White "Lupor, Stefan"]
[Black "Hort, Vlastimil"]
[Result "0-1"]
[WhiteElo "2219"]
[BlackElo "2391"]
[Annotator "Hausrath,Daniel"]
[PlyCount "78"]
[EventDate "2015.??.??"]
[WhiteTeam "SG Ennepe-Ruhr-Süd 1"]
[BlackTeam "Oberhausener SV 1"]

1. e4 c6 2. d4 d5 3. Nd2 dxe4 4. Nxe4 Bf5 5. Ng3 Bg6 6. N1e2 Nf6 7. Nf4 Nd5 8.
h4 Nxf4 9. Bxf4 h6 10. Qd2 e6 11. h5 Bh7 12. Bc4 Nd7 13. Bd3 Bxd3 14. Qxd3 Qa5+
15. Bd2 Qc7 16. O-O-O Nf6 17. Ne4 Be7 18. Nxf6+ Bxf6 19. Qe4 O-O-O 20. Be3 Rd7
21. g4 Qa5 22. a3 Qa4 23. c3 c5 24. Qc2 Qxc2+ 25. Kxc2 cxd4 26. Bxd4 Bxd4 27.
Rxd4 Rxd4 28. cxd4 Kd7 29. Kd3 Rc8 30. Re1 Kd6 31. f3 Rc7 32. f4 Rc6 33. Kd2 a6
34. Kd3 b6 35. g5 Rc8 36. gxh6 gxh6 37. Rg1 Ke7 38. Rg3 b5 39. b3 Kf6 {ZÜ} 0-1

[Event "Oberhausener SV 1 - SG Ennepe-Ruhr-Süd "]
[Site "NRW-Klasse, Gruppe 1 2014/201"]
[Date "2015.01.11"]
[Round "5.2"]
[White "Becker, Marcel"]
[Black "Lupor, André"]
[Result "1/2-1/2"]
[WhiteElo "2312"]
[BlackElo "2182"]
[PlyCount "176"]
[EventDate "2015.??.??"]
[WhiteTeam "Oberhausener SV 1"]
[BlackTeam "SG Ennepe-Ruhr-Süd 1"]

1. d4 Nf6 2. c4 g6 3. Nc3 d5 4. Nf3 Bg7 5. e3 O-O 6. Be2 c5 7. dxc5 dxc4 8. O-O
Qa5 9. Qd4 Na6 10. Qxc4 Qxc5 11. e4 Be6 12. Qxc5 Nxc5 13. Ng5 Bd7 14. e5 Ne8
15. Be3 Ne6 16. Rad1 Bc6 17. Nxe6 fxe6 18. f4 Nc7 19. Bf3 Bxf3 20. Rxf3 b6 21.
Rd7 Rac8 22. Rxe7 Rfd8 23. Rh3 h5 24. Rg3 Kf8 25. Rxg6 Kxe7 26. Rxg7+ Kf8 27.
Rh7 Kg8 28. Rxh5 Rd3 29. Rg5+ Kh7 30. Kf2 Nd5 31. Rg3 Nxc3 32. bxc3 Rcxc3 33.
Rf3 Rc2+ 34. Kg3 Kg6 35. Bf2 Rdd2 36. a3 Re2 37. h4 b5 38. h5+ Kxh5 39. f5 exf5
40. Rxf5+ Kg6 41. Rf6+ Kg5 42. Bxa7 Rxe5 43. Rf3 Ree2 44. Rb3 Rxg2+ 45. Kf3 Rb2
46. Rxb2 Rxb2 47. Ke4 Rc2 48. Kd5 Rc8 49. Bc5 Kf4 50. Kd4 Kf3 51. Kd5 Ke2 52.
Bb4 Kd3 53. Bc5 Kc3 54. Bb4+ Kb3 55. Be7 Kb2 56. Bb4 Kb3 57. Be7 Ka4 58. Bc5
Ka5 59. Bb4+ Kb6 60. Kd4 Kc6 61. Kc3 Kd5+ 62. Kb3 Rg8 63. Bd2 Rg4 64. Bh6 Ra4
65. Bg7 Rf4 66. Bh6 Rh4 67. Bc1 Kc5 68. Be3+ Kc6 69. Bg1 Rh1 70. Ba7 Rf1 71.
Kc3 Kb7 72. Bd4 Ka6 73. Kb3 Rf3+ 74. Bc3 Kb6 75. Kb4 Rf4+ 76. Kb3 Kc5 77. Bb4+
Rxb4+ 78. axb4+ Kd4 79. Kb2 Kc4 80. Kc2 Kxb4 81. Kb2 Kc4 82. Kc2 b4 83. Kb2 b3
84. Kb1 Kb4 85. Kb2 Kc4 86. Kb1 Kc3 87. Kc1 b2+ 88. Kb1 Kb3 1/2-1/2

[Event "Oberhausener SV 1 - SG Ennepe-Ruhr-Süd "]
[Site "NRW-Klasse, Gruppe 1 2014/201"]
[Date "2015.01.11"]
[Round "5.3"]
[White "Tripolsky, Eugen"]
[Black "Kaufeld, Juergen"]
[Result "1/2-1/2"]
[WhiteElo "2203"]
[BlackElo "2227"]
[PlyCount "90"]
[EventDate "2015.??.??"]
[WhiteTeam "SG Ennepe-Ruhr-Süd 1"]
[BlackTeam "Oberhausener SV 1"]

1. c4 Nf6 2. d4 e6 3. Nc3 Bb4 4. e3 c5 5. Nge2 cxd4 6. exd4 d5 7. a3 Bxc3+ 8.
Nxc3 O-O 9. Bg5 dxc4 10. Bxc4 Nc6 11. Be3 b6 12. O-O Bb7 13. Ba2 Ne7 14. Qd3
Qd6 15. f3 Rfd8 16. Rad1 Nf5 17. Bf2 Rac8 18. Bb1 h6 19. Rfe1 Qc6 20. Ba2 Qc7
21. Rxe6 fxe6 22. Bxe6+ Kh8 23. Qxf5 Ra8 24. Qg6 Bc8 25. Ba2 Qf4 26. Bb1 Bd7
27. Qd3 Be8 28. Bg3 Qg5 29. Be5 Rd7 30. h3 Rad8 31. f4 Qh4 32. Qf5 Kg8 33. Kh2
Qh5 34. Bxf6 gxf6 35. Qxf6 Rd6 36. Qe7 Bf7 37. Bc2 Rxd4 38. Ne4 Qb5 39. Nf6+
Kg7 40. Rxd4 Rxd4 41. Bb3 Qxb3 42. Ne8+ Kg8 43. Nf6+ Kg7 44. Ne8+ Kg8 45. Nf6+
Kg7 1/2-1/2

[Event "Oberhausener SV 1 - SG Ennepe-Ruhr-Süd "]
[Site "NRW-Klasse, Gruppe 1 2014/201"]
[Date "2015.01.11"]
[Round "5.4"]
[White "Litwak, Aleksej"]
[Black "Arndt, Stefan"]
[Result "1/2-1/2"]
[WhiteElo "2243"]
[BlackElo "2124"]
[PlyCount "35"]
[EventDate "2015.??.??"]
[WhiteTeam "Oberhausener SV 1"]
[BlackTeam "SG Ennepe-Ruhr-Süd 1"]

1. e4 e5 2. Nf3 Nc6 3. Bb5 a6 4. Ba4 d6 5. Bxc6+ bxc6 6. d4 exd4 7. Nxd4 Ne7 8.
O-O c5 9. Nb3 Ng6 10. Nc3 Be7 11. Re1 O-O 12. Na5 Bd7 13. b3 Bf6 14. Bb2 Bd4
15. Qd2 Qh4 16. Nd1 Bxb2 17. Nxb2 Rae8 18. g3 1/2-1/2

[Event "Oberhausener SV 1 - SG Ennepe-Ruhr-Süd "]
[Site "NRW-Klasse, Gruppe 1 2014/201"]
[Date "2015.01.11"]
[Round "5.5"]
[White "Bruchmann, Norbert"]
[Black "Soehnchen, Andreas"]
[Result "0-1"]
[WhiteElo "2078"]
[BlackElo "2108"]
[PlyCount "74"]
[EventDate "2015.??.??"]
[WhiteTeam "SG Ennepe-Ruhr-Süd 1"]
[BlackTeam "Oberhausener SV 1"]

1. e4 c6 2. d4 d5 3. exd5 cxd5 4. Bd3 Nc6 5. c3 Qc7 6. Ne2 Bg4 7. f3 Bd7 8. O-O
e5 9. dxe5 Nxe5 10. Bc2 Bc5+ 11. Nd4 Ne7 12. Bf4 O-O 13. Nd2 N7g6 14. Bg3 Rfe8
15. N2b3 Bd6 16. Qc1 Nc4 17. Bxd6 Qxd6 18. Bxg6 hxg6 19. Rf2 Re7 20. Nd2 Ne3
21. Nf1 Nf5 22. Qd2 Rae8 23. Nxf5 gxf5 24. Rd1 Qb6 25. Qd4 Qa6 26. a3 Ba4 27.
Rc1 Bb3 28. h4 Re1 29. Rxe1 Rxe1 30. Qd2 Rb1 31. Re2 Qb6+ 32. Qd4 Qxd4+ 33.
cxd4 Bc4 34. Rf2 f4 35. b3 Bd3 36. a4 a5 37. h5 Kh7 0-1

[Event "Oberhausener SV 1 - SG Ennepe-Ruhr-Süd "]
[Site "NRW-Klasse, Gruppe 1 2014/201"]
[Date "2015.01.11"]
[Round "5.6"]
[White "Nissen, Claus"]
[Black "Heller, Achim"]
[Result "1-0"]
[WhiteElo "2116"]
[BlackElo "1940"]
[PlyCount "111"]
[EventDate "2015.??.??"]
[WhiteTeam "Oberhausener SV 1"]
[BlackTeam "SG Ennepe-Ruhr-Süd 1"]

1. d4 d5 2. c4 c6 3. Nc3 Nf6 4. Nf3 dxc4 5. Ne5 b5 6. a4 b4 7. Na2 e6 8. e3 Bb7
9. Bxc4 Nbd7 10. f4 Nxe5 11. fxe5 Ne4 12. Qg4 f5 13. exf6 Nxf6 14. Qxe6+ Qe7
15. O-O Qxe6 16. Bxe6 a5 17. Bd2 Bd6 18. Nc1 Ke7 19. Bc4 Rhf8 20. Nb3 Ne4 21.
Rxf8 Rxf8 22. Be1 Ra8 23. Bd3 c5 24. Bh4+ Ke6 25. Rc1 cxd4 26. exd4 g5 27. Re1
gxh4 28. Bxe4 Bxe4 29. Rxe4+ Kd5 30. Rxh4 Kc4 31. Rh3 Bc7 32. Nd2+ Kxd4 33.
Rxh7 Rc8 34. Rd7+ Ke3 35. Nc4+ Ke2 36. b3 Bb6+ 37. Kh1 Rf8 38. g3 Bd8 39. Kg2
Rf2+ 40. Kh3 Rf8 41. Kg4 Rg8+ 42. Kf5 Kf3 43. Ne5+ Kg2 44. Rd2+ Kh3 45. Ng6 Bc7
46. Rd7 Bb8 47. Rh7+ Kg2 48. Rh8 Rxh8 49. Nxh8 Kxh2 50. g4 Kg3 51. g5 Ba7 52.
Nf7 Bc5 53. g6 Bf8 54. Ne5 Kf2 55. Kf6 Ke3 56. Kf7 1-0

[Event "Oberhausener SV 1 - SG Ennepe-Ruhr-Süd "]
[Site "NRW-Klasse, Gruppe 1 2014/201"]
[Date "2015.01.11"]
[Round "5.7"]
[White "Garweg, Udo"]
[Black "Ciornei, Dragos"]
[Result "1/2-1/2"]
[WhiteElo "1942"]
[BlackElo "2077"]
[PlyCount "40"]
[EventDate "2015.??.??"]
[WhiteTeam "SG Ennepe-Ruhr-Süd 1"]
[BlackTeam "Oberhausener SV 1"]

1. e4 e5 2. Nc3 Nf6 3. f4 d5 4. fxe5 Nxe4 5. d3 Nxc3 6. bxc3 d4 7. Nf3 Nc6 8.
cxd4 Bb4+ 9. Bd2 Bxd2+ 10. Qxd2 Nxd4 11. c3 Nxf3+ 12. gxf3 Qd5 13. d4 Qxf3 14.
Bg2 Qh5 15. O-O O-O 16. Qe3 c6 17. c4 Bd7 18. Rfe1 Rfe8 19. d5 cxd5 20. cxd5
Rac8 1/2-1/2